000 00295nam a22001337a 4500
008 170421b xxu||||| |||| 00| 0 eng d
020 _a9780078133435
041 _aeng
080 _a573
100 _a11
101 _ashm
245 _aBIOLOGY THE ESSENTIAL
_cHOEFNAGELS.M
942 _2udc
_cBK
999 _c11509
_d11509